Faye Webster - Thinking About You - Statistics

General Stats
  • This quiz has been taken 18 times
  • The average score is 116 of 137
Answer Stats
lyrics % Correct
about
100%
I
100%
I'm
100%
thinkin
100%
Thinkin
100%
you
100%
asleep
50%
in
50%
it
50%
out
50%
the
50%
when
50%
And
33%
But
33%
dead
33%
head
33%
holdin
33%
it'll
33%
moment
33%
my
33%
right
33%
said
33%
sure
33%
this
33%
time
33%
to
33%
want
33%
were
33%
work
33%
you're
33%
knew
17%
now
17%
holding
0%
Well
0%
No matching quizzes found
Score Distribution
Percent of People with Each Score
Percentile by Number Answered
Your Score History
You have not taken this quiz